| 000 | 00602nam a2200193 i 4500 | ||
|---|---|---|---|
| 001 | 111838 | ||
| 003 | ES-MaACL | ||
| 005 | 20230906185354.0 | ||
| 007 | t| | ||
| 008 | 061121s1965 sp r ||||1| spa d | ||
| 080 | _a32(460)"1939/1975" | ||
| 100 | 1 |
_aOriol y Urquijo, José María de. _987269 |
|
| 245 | 1 | 0 |
_aEspaña, aire nuevo : _b(proyecto para una generación) / _cJosé María de Oriol y Urquijo. |
| 250 | _a1ª ed. | ||
| 260 |
_aMadrid : _bPunta Europa, _c1965. |
||
| 300 |
_a248 p. ; _c25 cm. |
||
| 651 | 4 |
_aEspaña- _xPolítica y gobierno- _y1939-1975. _98445 |
|
| 852 | 4 |
_aES-MaACL _jC-26341 |
|
| 999 |
_c111838 _d111838 |
||